<?xml version="1.0" encoding="UTF-8"?><?xml-stylesheet type="text/xsl" href="static/style.xsl"?><OAI-PMH xmlns="http://www.openarchives.org/OAI/2.0/" xmlns:xsi="http://www.w3.org/2001/XMLSchema-instance" xsi:schemaLocation="http://www.openarchives.org/OAI/2.0/ http://www.openarchives.org/OAI/2.0/OAI-PMH.xsd"><responseDate>2026-04-14T15:13:29Z</responseDate><request verb="GetRecord" identifier="oai:uvadoc.uva.es:10324/892" metadataPrefix="marc">https://uvadoc.uva.es/oai/request</request><GetRecord><record><header><identifier>oai:uvadoc.uva.es:10324/892</identifier><datestamp>2021-06-23T16:39:59Z</datestamp><setSpec>com_10324_30605</setSpec><setSpec>com_10324_894</setSpec><setSpec>col_10324_41</setSpec></header><metadata><record xmlns="http://www.loc.gov/MARC21/slim" xmlns:doc="http://www.lyncode.com/xoai" xmlns:xsi="http://www.w3.org/2001/XMLSchema-instance" xmlns:dcterms="http://purl.org/dc/terms/" xsi:schemaLocation="http://www.loc.gov/MARC21/slim http://www.loc.gov/standards/marcxml/schema/MARC21slim.xsd">
<leader>00925njm 22002777a 4500</leader>
<datafield tag="042" ind1=" " ind2=" ">
<subfield code="a">dc</subfield>
</datafield>
<datafield tag="720" ind1=" " ind2=" ">
<subfield code="a">García Muñoz, Sonia</subfield>
<subfield code="e">author</subfield>
</datafield>
<datafield tag="260" ind1=" " ind2=" ">
<subfield code="c">2011</subfield>
</datafield>
<datafield tag="520" ind1=" " ind2=" ">
<subfield code="a">La globalización del mercado enológico está conduciendo a una homogeneización de las variedades de vid (Vitis vinifera L.) cultivadas alrededor del mundo. Lo que está provocando una importante pérdida de material en la mayoría de las áreas vitícolas. Esta situación debe detenerse para conservar el patrimonio varietal.&#xd;
Un paso preliminar para poder ofrecer a los viticultores y enólogos nuevo material vitícola es identificar perfectamente el material vegetal. En este trabajo, se han caracterizado un grupo de variedades minoritarias de vid procedentes de las Islas Baleares y conservadas en el Banco de Germoplasma de Vid BGV Finca El Encín (Alcalá de Henares, Madrid). Se ha estudiado en profundidad su comportamiento agronómico (incluyendo ampelografía y resistencia al oidio) y enológico, así como su origen histórico y genético. El conocimiento del potencial enológico de las variedades minoritarias puede ser una de las últimas oportunidades que estas variedades tienen para sobrevivir en el futuro.</subfield>
</datafield>
<datafield tag="024" ind2=" " ind1="8">
<subfield code="a">http://uvadoc.uva.es/handle/10324/892</subfield>
</datafield>
<datafield tag="024" ind2=" " ind1="8">
<subfield code="a">b1626500</subfield>
</datafield>
<datafield tag="024" ind2=" " ind1="8">
<subfield code="a">10.35376/10324/892</subfield>
</datafield>
<datafield ind1=" " ind2=" " tag="653">
<subfield code="a">Viticultura-España-Islas Baleares</subfield>
</datafield>
<datafield ind1=" " ind2=" " tag="653">
<subfield code="a">Vid-España-Islas Baleares</subfield>
</datafield>
<datafield ind1=" " ind2=" " tag="653">
<subfield code="a">Vinos y vinificación-España-Islas Baleares</subfield>
</datafield>
<datafield tag="245" ind1="0" ind2="0">
<subfield code="a">Estudio de variedades minoritarias de vid (Vitis vinifera L.): descripción, caracterización agronómica y enológica de material procedente de las Islas Baleares = Study of minor grapevine cultivars (Vitis vinifera L.): description, agronomic and oenological characterization of varieties from the Balearic Islands</subfield>
</datafield>
</record></metadata></record></GetRecord></OAI-PMH>